00551nam a2200169Ia 4500003000900000008004100009040001600050080002300066110003300089245012600122260005000248300000800298500001900306650001800325650001700343650002100360IN-BaIIA211028s9999 xx 000 0 eng d cIIA Library a083.7:693.154bISI aIndian Standards Institution 0aIndian standard code of practice for design and construction of stone slab over joist floorcIndian Standards Institution aNew DelhibIndian Standards Institutionc1969 a9p. aIS 2792 : 1964 a Standards  a Stone Slar aNASA Thesaurus